Loading...
| Literature - European Literature | 2 | 5 | 0 | 1 | 80 | 55 | 110.57 | 2 | 5 |
| Science - Other Science | 1 | 4 | 0 | 0 | 55 | 42 | 76.20 | 1 | 5 |
| Literature - World Literature | 0 | 5 | 1 | 0 | 45 | 96 | 113.60 | 0 | 3 |
| Science - Biology | 1 | 2 | 0 | 0 | 35 | 63 | 74.67 | 0 | 1 |
| Literature - British Literature | 0 | 3 | 0 | 1 | 30 | 108 | 130.67 | 0 | 3 |
| Geography | 1 | 1 | 0 | 1 | 25 | 49 | 95.00 | 1 | 1 |
| Literature - American Literature | 0 | 3 | 1 | 0 | 25 | 91 | 119.00 | 1 | 2 |
| Religion | 1 | 1 | 0 | 0 | 25 | 64 | 80.00 | 1 | 2 |
| Social Science | 1 | 1 | 1 | 1 | 20 | 55 | 100.00 | 1 | 1 |
| Science - Chemistry | 0 | 1 | 0 | 0 | 10 | 83 | 83.00 | 0 | 1 |
| Science - Physics | 0 | 1 | 0 | 0 | 10 | 107 | 107.00 | 0 | 0 |
| Other Academic | 0 | 1 | 0 | 0 | 10 | 121 | 121.00 | 0 | 0 |
| Philosophy | 0 | 1 | 1 | 0 | 5 | 115 | 115.00 | 0 | 1 |